Los Bienes comunes: sentidos producidos sobre el agua en el Valle de Quibor, Venezuela /

Salvato in:
Dettagli Bibliografici
Autore principale: Canelón Pérez, Jesús Eduardo
Natura: testo
Soggetti:
Tags: Aggiungi Tag
Nessun Tag, puoi essere il primo ad aggiungerne!!

MARC

LEADER 00000 a a2200000 04500
001 7364
003
040
100 |a Canelón Pérez, Jesús Eduardo  
245 |a Los Bienes comunes:   |b sentidos producidos sobre el agua en el Valle de Quibor, Venezuela /  |c Jesús Eduardo Canelón Pérez 
650 |a BIENES  
650 |a PROPIEDAD  
650 |a PSICOLOGIA SOCIAL  
650 |a AGUA  
650 |a AGRICULTORES  
650 |a FUNCIONARIOS PUBLICOS  
650 |a MARXISMO  
650 |a VENEZUELA  
773 |g volumen 17, número 1; páginas 109-142  
999 |c 21934  |d 21934